| 000 | 00611nam a2200169 4500 | ||
|---|---|---|---|
| 008 | 240503b |||||||| |||| 00| 0 eng d | ||
| 020 | _a9789551281632 | ||
| 082 |
_a305.4 _bTRA |
||
| 110 | _aTransparency International Sri Lanka | ||
| 245 | _aWomen's experience of corruption in public services | ||
| 260 |
_aColombo: _bTransparency International Sri Lanka, _c2014 |
||
| 300 |
_axi., 51 p. _bReference and glossary included |
||
| 650 | _aWOMEN AND CORRUPTION-Sri Lanka | ||
| 650 | _aPublic services-corruption-Sri Lanka | ||
| 856 | _uhttps://www.tisrilanka.org/wp-content/uploads/2023/02/WEC.pdf | ||
| 942 | _cRP | ||
| 999 |
_c4888 _d4888 |
||